Catalog

Record Details

Catalog Search



Available copies

  • 3 of 3 copies available at LARL/NWRL Consortium.
  • 1 of 1 copy available at Lake Agassiz Regional Library. (Show preferred library)

Current holds

0 current holds with 3 total copies.

Show Only Available Copies
Location Call Number / Copy Notes Barcode Shelving Location Status Due Date
McIntosh Public Library J PEA (Text) 33500013761127 Main Available -
Roseau Public Library j PEA (Text) 35500006651093 Main Available -
Thief River Falls Public Library j PEA (Text) 35500006651085 Main Available -

Record details

  • ISBN: 9781368095143
  • ISBN: 1368095143
  • Physical Description: 307 pages ; 21 cm.
  • Edition: First edition.
  • Publisher: Los Angeles : Disney-Hyperion, 2023.

Content descriptions

General Note:
"A new generation of Kingdom Keepers must save the Disney Parks!"--Cover.
Summary, etc.:
The Kingdom Keepers discover they are in ... Read More
"In the near future, in the Epcot of Walt Disney's ... Read More
Target Audience Note:
008-012. Disney, Hyperion.
4-6. Disney, Hyperion.
Subject: EPCOT Center (Fla.) > Juvenile fiction.
Walt Disney World (Fla.) > Juvenile fiction.
Amusement parks > Juvenile fiction.
Missing persons > Juvenile fiction.
Ability > Juvenile fiction.
Magic > Juvenile fiction.
Good and evil > Juvenile fiction.
EPCOT Center (Fla.) > Fiction.
Walt Disney World (Fla.) > Fiction.
Amusement parks > Fiction.
Missing persons > Fiction.
Ability > Fiction.
Magic > Fiction.
Good and evil > Fiction.
Genre: Children's stories.
Fantasy fiction.
Novels.
LDR 03521cam a22007098i 4500
001408862
003LARL_NWRL_CONSORTIUM
00520230314142120.0
008221220t20232023cau c 000 1 eng
010 . ‡a 2022045918
040 . ‡aDLC ‡beng ‡erda ‡cDLC ‡dUKMGB ‡dOCLCF ‡dOJ4 ‡dILC ‡dIUK ‡dBDX ‡dIH5
015 . ‡aGBC313208 ‡2bnb
0167 . ‡a020931128 ‡2Uk
020 . ‡a9781368095143 ‡q(hardcover)
020 . ‡a1368095143 ‡q(hardcover)
020 . ‡z9781368020831 ‡q(ebook)
035 . ‡a(OCoLC)1355647582
0410 . ‡aeng
042 . ‡apcc
043 . ‡an-us-fl
08200. ‡a[Fic] ‡223
1001 . ‡aPearson, Ridley, ‡eauthor. ‡0(LARL_NWRL_CONSORTIUM)81134
24514. ‡aThe shimmer / ‡cRidley Pearson.
2463 . ‡aInheritance : ‡bthe shimmer
2463 . ‡aKingdom Keepers: inheritance. ‡pThe shimmer
250 . ‡aFirst edition.
264 1. ‡aLos Angeles : ‡bDisney-Hyperion, ‡c2023.
264 4. ‡c©2023
300 . ‡a307 pages ; ‡c21 cm.
336 . ‡atext ‡btxt ‡2rdacontent
337 . ‡aunmediated ‡bn ‡2rdamedia
338 . ‡avolume ‡bnc ‡2rdacarrier
4900 . ‡aKingdom Keepers: inheritance ; ‡v1
500 . ‡a"A new generation of Kingdom Keepers must save the Disney Parks!"--Cover.
5211 . ‡a008-012. ‡bDisney, Hyperion.
5212 . ‡a4-6. ‡bDisney, Hyperion.
520 . ‡aThe Kingdom Keepers discover they are in possession of unusual powers as they work together to rescue their friend and discover the truth about how this real magic has entered their lives.
520 . ‡a"In the near future, in the Epcot of Walt Disney's imagination, sixty thousand people live in a CommuniTree surrounding the forward-looking Walt Disney World theme park. Five unique families are among the residents--and some of the parents were once known as the Kingdom Keepers. Their identities are carefully guarded in order to raise their children without special treatment, most of the Kingdom Keepers work for the Walt Disney Company, and have settled into "ordinary" and rewarding lives. When a messenger carrying a secret communication coincides with both a solar eclipse and Eli Whitman's thirteenth birthday--a few "ordinary" kids are thrust into a battle to save Epcot and find their friend who has mysteriously disappeared. With their friend missing and their parents acting strangely, the Kingdom Kids discover they are in possession of unusual powers as they forge a bond to rescue their friend and uncover the truth about how real magic has entered their lives."--Amazon.
651 0. ‡aEPCOT Center (Fla.) ‡vJuvenile fiction.
651 0. ‡aWalt Disney World (Fla.) ‡vJuvenile fiction.
650 0. ‡aAmusement parks ‡vJuvenile fiction.
650 0. ‡aMissing persons ‡vJuvenile fiction. ‡0(LARL_NWRL_CONSORTIUM)173418
650 0. ‡aAbility ‡vJuvenile fiction.
650 0. ‡aMagic ‡vJuvenile fiction. ‡0(LARL_NWRL_CONSORTIUM)165990
650 0. ‡aGood and evil ‡vJuvenile fiction. ‡0(LARL_NWRL_CONSORTIUM)165510
651 1. ‡aEPCOT Center (Fla.) ‡vFiction.
651 1. ‡aWalt Disney World (Fla.) ‡vFiction.
650 1. ‡aAmusement parks ‡vFiction. ‡0(LARL_NWRL_CONSORTIUM)163232
650 1. ‡aMissing persons ‡vFiction. ‡0(LARL_NWRL_CONSORTIUM)165976
650 1. ‡aAbility ‡vFiction.
650 1. ‡aMagic ‡vFiction. ‡0(LARL_NWRL_CONSORTIUM)165984
650 1. ‡aGood and evil ‡vFiction. ‡0(LARL_NWRL_CONSORTIUM)165509
655 0. ‡aChildren's stories.
655 7. ‡aFantasy fiction. ‡2lcgft
655 7. ‡aNovels. ‡2lcgft
901 . ‡a408862 ‡bOCoLC ‡c408862 ‡tbiblio ‡soclc

Additional Resources